[Event "Madrid-ch 2017-2018 - Previa A"]
[Site "Madrid ESP"]
[Date "2018.02.14"]
[Round "6.20"]
[White "De La Fuente Ebro, Miguel Angel"]
[Black "Lopez Orellana, Federico"]
[Result "1/2-1/2"]
[WhiteElo "1712"]
[BlackElo "1702"]
[PlyCount "35"]
[EventDate "2018.02.05"]
[EventType "swiss"]
[EventRounds "9"]
[EventCountry "ESP"]
[SourceTitle "Ajedrez en Madrid"]
[Source "lmi"]
[SourceDate "2018.02.05"]

1. d4 Nf6 2. c4 b6 3. Nc3 Bb7 4. Bf4 e6 5. Nf3 Bb4 6. a3 Bxc3+ 7. bxc3 Ne4 8.
Qc2 O-O 9. e3 f5 10. Bd3 d6 11. O-O Nd7 12. Nd2 Nxd2 13. Qxd2 Qf6 14. h3 e5 15.
Bh2 Rae8 16. f4 e4 17. Bc2 Ba6 18. Ba4 1/2-1/2

[Event "Madrid-ch 2017-2018 - Previa A"]
[Site "Madrid ESP"]
[Date "2018.02.14"]
[Round "6.21"]
[White "Caravantes Camacho, Fernando"]
[Black "Ramos Garcia, Raul"]
[Result "0-1"]
[WhiteElo "1551"]
[BlackElo "1700"]
[PlyCount "94"]
[EventDate "2018.02.05"]
[EventType "swiss"]
[EventRounds "9"]
[EventCountry "ESP"]
[SourceTitle "Ajedrez en Madrid"]
[Source "lmi"]
[SourceDate "2018.02.05"]

1. e4 e5 2. Nf3 Nc6 3. Bc4 Be7 4. Nc3 d6 5. h3 Nf6 6. a3 O-O 7. d3 Be6 8. Bxe6
fxe6 9. Bg5 Nd4 10. Nxd4 exd4 11. Bxf6 Bxf6 12. O-O dxc3 13. bxc3 Bxc3 14. Rb1
b6 15. d4 c5 16. d5 e5 17. Rb3 Ba5 18. c4 Qh4 19. Qe2 Rf6 20. Rg3 Raf8 21. Rg4
Qh6 22. Rg3 Qd2 23. Qg4 Rg6 24. Qd7 Rxg3 25. Qe6+ Kh8 26. Qe7 Qf4 27. fxg3
Qxf1+ 28. Kh2 h6 29. Qd7 Bd2 30. h4 Be3 31. Qe6 Rf2 32. Qh3 Rf6 33. Qc8+ Kh7
34. h5 Qg1+ 35. Kh3 Qh1+ 36. Kg4 Qxg2 37. Qf5+ Rxf5 38. Kxf5 Qh3+ 39. g4 Qf3+
40. Ke6 Qxe4 41. Kxd6 Qxc4 42. Kc6 Qxg4 43. Kc7 c4 44. d6 Qxh5 45. d7 Qf7 46.
Kc8 Qe6 47. Kc7 Bg5 0-1

[Event "Madrid-ch 2017-2018 - Previa A"]
[Site "Madrid ESP"]
[Date "2018.02.14"]
[Round "6.22"]
[White "Tapia Sanchez, Jose Manuel"]
[Black "Ojosnegros Martin, Angel"]
[Result "1/2-1/2"]
[WhiteElo "1687"]
[BlackElo "1490"]
[PlyCount "158"]
[EventDate "2018.02.05"]
[EventType "swiss"]
[EventRounds "9"]
[EventCountry "ESP"]
[SourceTitle "Ajedrez en Madrid"]
[Source "lmi"]
[SourceDate "2018.02.05"]

1. d4 Nf6 2. e3 e6 3. Bd3 Be7 4. Nd2 b6 5. f4 Bb7 6. Ngf3 d5 7. b3 Nbd7 8. O-O
Bd6 9. Ne5 a6 10. Qf3 Qe7 11. a3 O-O-O 12. Qe2 Nb8 13. b4 Ne4 14. Bxe4 dxe4 15.
Nb3 Nd7 16. b5 axb5 17. Qxb5 Nb8 18. Rd1 Ba6 19. Qa4 Bb7 20. Nd2 f6 21. Nec4 e5
22. Nxd6+ Rxd6 23. fxe5 fxe5 24. Nc4 Rf6 25. Nxe5 Rd8 26. Bd2 Nc6 27. Bb4 Qe8
28. Qb5 Nxd4 29. Qxe8 Ne2+ 30. Kh1 Rxe8 31. Ng4 Rc6 32. Rd2 Nc3 33. Rf1 h5 34.
Ne5 Rf6 35. Rxf6 gxf6 36. Ng6 Nd5 37. Re2 Ba6 38. Re1 c5 39. Bd2 Rd8 40. Bc1
Nc3 41. Bb2 Nd5 42. g3 f5 43. Kg1 c4 44. Bd4 b5 45. Rf1 f4 46. Nxf4 Nxf4 47.
Rxf4 Bb7 48. c3 Kc7 49. Rf6 Bc6 50. Rf5 Rd5 51. Rf4 Be8 52. Rxe4 Bg6 53. Re5
Kd6 54. Rxd5+ Kxd5 55. Kg2 Ke4 56. Kh3 Kf3 57. Kh4 Kg2 58. h3 Be8 59. g4 hxg4
60. hxg4 Kf3 61. g5 Ke4 62. Kg4 Bg6 63. Kh4 Kf3 64. Bc5 Ke4 65. Kg4 Bf7 66. Bb4
Bg6 67. Bc5 Bf7 68. g6 Bxg6 69. Kg5 Bf7 70. Kf6 Bd5 71. Ke7 Bc6 72. Bb6 Kd5 73.
Ba7 Bb7 74. Kd7 Bc6+ 75. Kc7 Be8 76. Kb6 Ke4 77. Ka5 Bd7 78. Bc5 Be8 79. Ka6
Bc6 1/2-1/2

[Event "Madrid-ch 2017-2018 - Previa A"]
[Site "Madrid ESP"]
[Date "2018.02.14"]
[Round "6.23"]
[White "Gonzalez Pinar, Adrian"]
[Black "Ramos Antona, Enrique"]
[Result "1/2-1/2"]
[WhiteElo "1487"]
[BlackElo "1587"]
[PlyCount "67"]
[EventDate "2018.02.05"]
[EventType "swiss"]
[EventRounds "9"]
[EventCountry "ESP"]
[SourceTitle "Ajedrez en Madrid"]
[Source "lmi"]
[SourceDate "2018.02.05"]

1. c4 Nf6 2. Nc3 e6 3. Nf3 d5 4. d4 Nbd7 5. Bg5 c6 6. e3 Qa5 7. Qc2 Bb4 8. Bf4
h6 9. Bd3 dxc4 10. Bxc4 Nd5 11. Bxd5 cxd5 12. O-O O-O 13. a3 Bxc3 14. bxc3 b5
15. Bd6 Re8 16. a4 Ba6 17. axb5 Qxb5 18. Rfb1 Qc6 19. Qa4 Qxd6 20. Qxa6 Qxa6
21. Rxa6 Rec8 22. Rc1 Rc7 23. Kf1 Rac8 24. Ra3 f6 25. Ke2 Kf7 26. Nd2 f5 27. h4
g5 28. hxg5 hxg5 29. f3 Nf6 30. Rca1 Rxc3 31. Rxc3 Rxc3 32. Rxa7+ Kg6 33. Ra6
Kf7 34. Ra7+ 1/2-1/2

[Event "Madrid-ch 2017-2018 - Previa A"]
[Site "Madrid ESP"]
[Date "2018.02.14"]
[Round "6.24"]
[White "Osuna Osuna, Francisco"]
[Black "Mora Agudo, Jose"]
[Result "0-1"]
[WhiteElo "1566"]
[BlackElo "1480"]
[PlyCount "72"]
[EventDate "2018.02.05"]
[EventType "swiss"]
[EventRounds "9"]
[EventCountry "ESP"]
[SourceTitle "Ajedrez en Madrid"]
[Source "lmi"]
[SourceDate "2018.02.05"]

1. e4 c5 2. Nc3 Nc6 3. f4 d6 4. Nf3 Bg4 5. Bb5 Bd7 6. d3 Nf6 7. O-O a6 8. Bxc6
Bxc6 9. Qe1 e6 10. e5 Ng4 11. h3 Nh6 12. g4 Qb6 13. exd6 Bxf3 14. Rxf3 Bxd6 15.
Nd5 Qc6 16. c4 O-O-O 17. g5 Nf5 18. Qe4 Nd4 19. Rf2 exd5 20. cxd5 Qd7 21. b4
Rde8 22. Qg2 Re1+ 23. Kh2 Rhe8 24. Bb2 Rxa1 25. Bxa1 Qf5 26. Bxd4 cxd4 27. Qg4
Qxg4 28. hxg4 Re3 29. Rd2 Bxf4+ 30. Kg2 Rg3+ 31. Kf2 Bxd2 32. Kxg3 Bxb4 33. Kf4
Kd7 34. Ke5 Bc3 35. a4 b5 36. axb5 axb5 0-1

[Event "Madrid-ch 2017-2018 - Previa A"]
[Site "Madrid ESP"]
[Date "2018.02.14"]
[Round "6.25"]
[White "Perez Ramos, Miguel Angel"]
[Black "Dominguez Afonso, Ayraldo"]
[Result "0-1"]
[WhiteElo "1164"]
[BlackElo "1561"]
[PlyCount "80"]
[EventDate "2018.02.05"]
[EventType "swiss"]
[EventRounds "9"]
[EventCountry "ESP"]
[SourceTitle "Ajedrez en Madrid"]
[Source "lmi"]
[SourceDate "2018.02.05"]

1. Nf3 d5 2. d4 Nf6 3. Nc3 Bf5 4. Bf4 c6 5. e3 e6 6. h3 Bd6 7. Bxd6 Qxd6 8. Bd3
Nbd7 9. Bxf5 exf5 10. Qd3 Ne4 11. Nxe4 fxe4 12. Qe2 exf3 13. Qxf3 O-O 14. O-O
Nf6 15. Qe2 Ne4 16. Rad1 Rfe8 17. g3 Re6 18. Qg4 Rg6 19. Qf4 Qxf4 20. exf4 Re8
21. Kg2 f5 22. Rd3 Rge6 23. Re3 Nd2 24. Rfe1 Rxe3 25. fxe3 Nc4 26. b3 Rxe3 27.
Kf2 Rxe1 28. Kxe1 Nd6 29. Ke2 Kf7 30. a4 h6 31. Kf3 a5 32. h4 Kf6 33. Ke3 b5
34. Kd3 Ne4 35. axb5 cxb5 36. c4 bxc4+ 37. bxc4 dxc4+ 38. Kxc4 Ke6 39. d5+ Kd6
40. Kd4 Nxg3 0-1

[Event "Madrid-ch 2017-2018 - Previa A"]
[Site "Madrid ESP"]
[Date "2018.02.14"]
[Round "6.26"]
[White "Enriquez Pastor, Jorge"]
[Black "Gonzalez Recas, Fernando"]
[Result "0-1"]
[WhiteElo "1468"]
[BlackElo "1643"]
[PlyCount "51"]
[EventDate "2018.02.05"]
[EventType "swiss"]
[EventRounds "9"]
[EventCountry "ESP"]
[SourceTitle "Ajedrez en Madrid"]
[Source "lmi"]
[SourceDate "2018.02.05"]

1. e4 e5 2. Nf3 Nc6 3. Bb5 a6 4. Ba4 Nf6 5. O-O Be7 6. Re1 b5 7. Bb3 O-O 8. c3
d5 9. exd5 e4 10. dxc6 exf3 11. Qxf3 Bg4 12. Qg3 Bd6 13. Qh4 Re8 14. f3 Rxe1+
15. Qxe1 Bf4 16. fxg4 Qd3 17. Qe7 Rf8 18. g3 Bd6 19. Qe3 Qg6 20. d4 Re8 21. Qf2
Qxg4 22. Nd2 Qg6 23. Nf3 Ng4 24. Qg2 h6 25. Bd2 Qd3 26. Qf1 0-1

[Event "Madrid-ch 2017-2018 - Previa A"]
[Site "Madrid ESP"]
[Date "2018.02.14"]
[Round "6.27"]
[White "Moreno Uribarri, Miguel"]
[Black "Alises Fontecha, Juan"]
[Result "1-0"]
[WhiteElo "1626"]
[BlackElo "1515"]
[PlyCount "45"]
[EventDate "2018.02.05"]
[EventType "swiss"]
[EventRounds "9"]
[EventCountry "ESP"]
[SourceTitle "Ajedrez en Madrid"]
[Source "lmi"]
[SourceDate "2018.02.05"]

1. e4 e6 2. d4 d5 3. Nd2 c5 4. exd5 Qxd5 5. Ngf3 cxd4 6. Bc4 Qd7 7. O-O Nc6 8.
Nb3 Nf6 9. Nbxd4 Nxd4 10. Nxd4 Qc7 11. Bb3 a6 12. Qf3 Be7 13. Re1 O-O 14. Bf4
Bd6 15. Bxd6 Qxd6 16. Rad1 Qc5 17. Qg3 Bd7 18. c3 Rfe8 19. Re5 Qc7 20. Rde1 Nd5
21. Bxd5 f6 22. Nxe6 Qxe5 23. Qxg7# 1-0

[Event "Madrid-ch 2017-2018 - Previa A"]
[Site "Madrid ESP"]
[Date "2018.02.14"]
[Round "6.29"]
[White "Martinez Carrasco, Jesus"]
[Black "Perales Hernandez, Manuel"]
[Result "1-0"]
[WhiteElo "1620"]
[BlackElo "1345"]
[PlyCount "81"]
[EventDate "2018.02.05"]
[EventType "swiss"]
[EventRounds "9"]
[EventCountry "ESP"]
[SourceTitle "Ajedrez en Madrid"]
[Source "lmi"]
[SourceDate "2018.02.05"]

1. d4 d5 2. c4 b6 3. e3 Ba6 4. b3 e6 5. Nf3 c6 6. Bd3 Bd6 7. O-O h6 8. Qc2 Ne7
9. Nc3 Bb7 10. e4 dxc4 11. bxc4 Nd7 12. Bb2 a6 13. a4 Qc7 14. Qb3 e5 15. d5 Nc5
16. Qc2 a5 17. Be2 O-O-O 18. Ba3 g5 19. Rfc1 Ng6 20. g3 g4 21. Ne1 h5 22. Rab1
Na6 23. Bxd6 Rxd6 24. dxc6 Rxc6 25. Nb5 Qb8 26. Nd3 Nc5 27. Nxc5 bxc5 28. Rd1
Rb6 29. Qd3 Bc6 30. Nd6+ Kc7 31. Nb5+ Kb7 32. Nc3 Ka6 33. Nb5 Ba8 34. Rb3 Ne7
35. Rdb1 Rd8 36. Qe3 Qb7 37. Qxc5 Qc6 38. Nc7+ Ka7 39. Qxb6+ Qxb6 40. Rxb6 Nc6
41. Ra6# 1-0

[Event "Madrid-ch 2017-2018 - Previa A"]
[Site "Madrid ESP"]
[Date "2018.02.14"]
[Round "6.32"]
[White "Diaz del Prado, Carlos"]
[Black "Beekhof Harmsen, Willen"]
[Result "1/2-1/2"]
[WhiteElo "1302"]
[BlackElo "1514"]
[PlyCount "71"]
[EventDate "2018.02.05"]
[EventType "swiss"]
[EventRounds "9"]
[EventCountry "ESP"]
[SourceTitle "Ajedrez en Madrid"]
[Source "lmi"]
[SourceDate "2018.02.05"]

1. d4 Nf6 2. Nf3 e6 3. e3 Be7 4. Bd3 b6 5. Nbd2 Bb7 6. O-O O-O 7. Re1 c5 8. c3
d5 9. e4 c4 10. Bc2 Nbd7 11. e5 Ne8 12. Nf1 f6 13. exf6 Ndxf6 14. Rxe6 Bc8 15.
Re1 Bg4 16. h3 Bxf3 17. Qxf3 Ne4 18. Qe2 Rxf2 19. Qd1 Bh4 20. Bxe4 dxe4 21.
Rxe4 Qd5 22. Qg4 Nf6 23. Qe6+ Qxe6 24. Rxe6 Rf8 25. Bg5 Bxg5 26. Kxf2 Nh5+ 27.
Kg1 Nf4 28. Re5 h6 29. Nd2 Nd3 30. Re2 Nf4 31. Rf2 Bh4 32. Rff1 Ne2+ 33. Kh1
Ng3+ 34. Kg1 Ne2+ 35. Kh1 Ng3+ 36. Kg1 1/2-1/2

[Event "Madrid-ch 2017-2018 - Previa A"]
[Site "Madrid ESP"]
[Date "2018.02.19"]
[Round "7.1"]
[White "Perez Diez, Victor"]
[Black "Vazquez Gonzalez, Jesus"]
[Result "1/2-1/2"]
[WhiteElo "1912"]
[BlackElo "1985"]
[PlyCount "38"]
[EventDate "2018.02.05"]
[EventType "swiss"]
[EventRounds "9"]
[EventCountry "ESP"]
[SourceTitle "Ajedrez en Madrid"]
[Source "lmi"]
[SourceDate "2018.02.05"]

1. e4 Nc6 2. Nc3 e5 3. Bc4 Bc5 4. Qg4 g6 5. Qg3 d6 6. Na4 Bb6 7. Nxb6 axb6 8.
c3 Na5 9. d3 Nxc4 10. dxc4 Be6 11. Qd3 Qd7 12. f4 Qc6 13. Nf3 Bxc4 14. Qc2 exf4
15. b3 Be6 16. Nd4 Qd7 17. Bxf4 Nf6 18. O-O Nh5 19. Bh6 Rg8 1/2-1/2

[Event "Madrid-ch 2017-2018 - Previa A"]
[Site "Madrid ESP"]
[Date "2018.02.19"]
[Round "7.2"]
[White "Camarero Izquierdo, Juan Carlos"]
[Black "Esteban Amo, Jose M"]
[Result "1-0"]
[WhiteElo "1915"]
[BlackElo "1847"]
[PlyCount "141"]
[EventDate "2018.02.05"]
[EventType "swiss"]
[EventRounds "9"]
[EventCountry "ESP"]
[SourceTitle "Ajedrez en Madrid"]
[Source "lmi"]
[SourceDate "2018.02.05"]

1. d4 Nf6 2. Nc3 d5 3. Bg5 c5 4. e3 e6 5. Qd2 Be7 6. f3 cxd4 7. exd4 Nc6 8.
Nge2 a6 9. Nf4 h6 10. Bxf6 Bxf6 11. Nce2 Bd7 12. Nh5 Rc8 13. c3 Na5 14. Nef4
Nc4 15. Bxc4 Rxc4 16. Qe2 O-O 17. Nxf6+ Qxf6 18. Nd3 Bb5 19. Qd2 Rc7 20. Ne5
Qh4+ 21. g3 Qh5 22. O-O-O f6 23. g4 Qe8 24. Nd3 Bxd3 25. Qxd3 b5 26. Kb1 a5 27.
h4 f5 28. g5 h5 29. g6 b4 30. cxb4 axb4 31. Rhg1 Rf6 32. Qd2 Rxg6 33. Rxg6 Qxg6
34. Qxb4 f4+ 35. Ka1 Qc2 36. Rb1 Kh7 37. Qd6 Rc6 38. Qxf4 Ra6 39. Rc1 Qa4 40.
a3 Qb3 41. Qf8 Rb6 42. Rb1 Rb7 43. Qe8 g6 44. Qxe6 Ra7 45. Qd6 Qxf3 46. Rg1 Qe4
47. Qb6 Ra4 48. Qf6 Ra7 49. Ka2 Qc2 50. Qb6 Rc7 51. Qb3 Qe4 52. Qg3 Qc2 53. Qg2
Qc4+ 54. Kb1 Qd3+ 55. Ka1 Qf5 56. Qg5 Qe4 57. Qe5 Qc2 58. Qxd5 Ra7 59. Qc5 Qa4
60. Kb1 Rf7 61. Qc2 Qa6 62. Rg5 Rf1+ 63. Ka2 Qe6+ 64. d5 Qf7 65. Rxh5+ Kg7 66.
Qc3+ Rf6 67. Re5 Kh7 68. Qe3 Qg8 69. Re7+ Rf7 70. Rxf7+ Qxf7 71. Qe6 1-0

[Event "Madrid-ch 2017-2018 - Previa A"]
[Site "Madrid ESP"]
[Date "2018.02.19"]
[Round "7.3"]
[White "Ruiz Quevedo, Andres"]
[Black "Santamaria Baeza, Adolfo"]
[Result "1-0"]
[WhiteElo "1917"]
[BlackElo "1846"]
[PlyCount "95"]
[EventDate "2018.02.05"]
[EventType "swiss"]
[EventRounds "9"]
[EventCountry "ESP"]
[SourceTitle "Ajedrez en Madrid"]
[Source "lmi"]
[SourceDate "2018.02.05"]

1. b3 e5 2. Bb2 Nc6 3. c4 Bc5 4. e3 Nf6 5. d3 O-O 6. Nf3 d6 7. Be2 Bb4+ 8. Nbd2
Bf5 9. O-O Re8 10. a3 Ba5 11. b4 Bb6 12. Nb3 a5 13. b5 Ne7 14. a4 Ng6 15. Rc1
Nd7 16. Nfd2 Qg5 17. Nf3 Qe7 18. Re1 Nc5 19. Nxc5 Bxc5 20. Bc3 c6 21. Qb3 Nh4
22. d4 Nxf3+ 23. Bxf3 e4 24. Be2 Ba7 25. Rcd1 Qg5 26. Bxa5 b6 27. Bd2 Bh3 28.
g3 c5 29. d5 Bb8 30. Ra1 Qd8 31. a5 bxa5 32. b6 a4 33. Rxa4 Rxa4 34. Qxa4 Bd7
35. Qb3 Re5 36. Bf1 h5 37. Ra1 h4 38. Ra8 hxg3 39. hxg3 Bg4 40. b7 Bf3 41. Bg2
Re8 42. Ba5 Qf6 43. Bc7 Kh7 44. Rxb8 Qa1+ 45. Kh2 Re5 46. Bxf3 exf3 47. Rh8+
Kxh8 48. b8=Q+ 1-0

[Event "Madrid-ch 2017-2018 - Previa A"]
[Site "Madrid ESP"]
[Date "2018.02.19"]
[Round "7.4"]
[White "Fernandez Aransay, Fernando"]
[Black "Marcos Herrero, Francisco"]
[Result "1-0"]
[WhiteElo "1811"]
[BlackElo "1914"]
[PlyCount "77"]
[EventDate "2018.02.05"]
[EventType "swiss"]
[EventRounds "9"]
[EventCountry "ESP"]
[SourceTitle "Ajedrez en Madrid"]
[Source "lmi"]
[SourceDate "2018.02.05"]

1. e4 c5 2. Nf3 Nc6 3. d4 cxd4 4. Nxd4 g6 5. Be3 Nf6 6. Nc3 Bg7 7. Bc4 O-O 8.
Bb3 a5 9. f3 d5 10. Bxd5 Nxd5 11. exd5 Nxd4 12. Bxd4 e5 13. Bc5 Re8 14. O-O f5
15. Qd2 Bd7 16. Rad1 Rc8 17. Qf2 a4 18. a3 Qc7 19. Bb4 Qc4 20. Rfe1 Bf6 21. Qb6
Bd8 22. Qxb7 Rc7 23. Qb6 Rc6 24. Qxd8 Rxd8 25. dxc6 Qxc6 26. Rd6 Qa8 27. Red1
Qa7+ 28. Kh1 Kg7 29. Nd5 Rc8 30. Nf4 Bb5 31. Ne6+ Kh6 32. Bd2+ Kh5 33. Bc3 Qf2
34. Ng7+ Kg5 35. Bxe5 Bf1 36. Ne6+ Kh6 37. Bg7+ Kh5 38. Nf4+ Kh4 39. Bf6+ 1-0

[Event "Madrid-ch 2017-2018 - Previa A"]
[Site "Madrid ESP"]
[Date "2018.02.19"]
[Round "7.5"]
[White "Alvarez Abejon, Amilcar"]
[Black "Rosa Ramirez, Victor Diego"]
[Result "1-0"]
[WhiteElo "1958"]
[BlackElo "1907"]
[PlyCount "41"]
[EventDate "2018.02.05"]
[EventType "swiss"]
[EventRounds "9"]
[EventCountry "ESP"]
[SourceTitle "Ajedrez en Madrid"]
[Source "lmi"]
[SourceDate "2018.02.05"]

1. e4 e6 2. d4 d5 3. exd5 exd5 4. c4 Bb4+ 5. Nc3 Nc6 6. Nf3 Bg4 7. Be2 Nge7 8.
O-O O-O 9. a3 Bxc3 10. bxc3 dxc4 11. Bxc4 Nd5 12. Qd3 Re8 13. Ng5 g6 14. Ne4
Kg7 15. f3 Be6 16. Bg5 f6 17. Bxd5 Qxd5 18. Bxf6+ Kf7 19. Qe3 Ne7 20. Qh6 Bf5
21. Be5 1-0

[Event "Madrid-ch 2017-2018 - Previa A"]
[Site "Madrid ESP"]
[Date "2018.02.19"]
[Round "7.6"]
[White "Andalon Gomez, Carlos Jesus"]
[Black "Martinez Aragon, Aitor"]
[Result "1-0"]
[WhiteElo "1935"]
[BlackElo "1786"]
[PlyCount "77"]
[EventDate "2018.02.05"]
[EventType "swiss"]
[EventRounds "9"]
[EventCountry "ESP"]
[SourceTitle "Ajedrez en Madrid"]
[Source "lmi"]
[SourceDate "2018.02.05"]

1. d4 Nf6 2. c4 e6 3. Nf3 Bb4+ 4. Bd2 a5 5. Nc3 O-O 6. Qc2 b6 7. e4 Nc6 8. d5
exd5 9. cxd5 Ne7 10. Bd3 Ng6 11. O-O Re8 12. a3 Bxc3 13. Bxc3 Nf4 14. Rfe1 Ba6
15. Bxa6 Rxa6 16. Be5 Ng6 17. Bxc7 Qe7 18. Qc4 Rea8 19. e5 Ne8 20. d6 Qe6 21.
Qxe6 fxe6 22. Nd4 Nxc7 23. dxc7 Rc8 24. Nb5 Nf4 25. Red1 Nd5 26. f4 a4 27. Rac1
Kf8 28. Rxd5 exd5 29. Nd6 Raa8 30. Kf2 Ke7 31. Ke3 Ke6 32. Kd4 g6 33. g4 Ke7
34. f5 gxf5 35. gxf5 h6 36. Kxd5 Kf8 37. Nxc8 Rxc8 38. Kd6 Ke8 39. Rg1 1-0

[Event "Madrid-ch 2017-2018 - Previa A"]
[Site "Madrid ESP"]
[Date "2018.02.19"]
[Round "7.7"]
[White "Rueda Maria, Ramiro"]
[Black "Perez Cameselle, Francisco Jose"]
[Result "0-1"]
[WhiteElo "1820"]
[BlackElo "1773"]
[PlyCount "70"]
[EventDate "2018.02.05"]
[EventType "swiss"]
[EventRounds "9"]
[EventCountry "ESP"]
[SourceTitle "Ajedrez en Madrid"]
[Source "lmi"]
[SourceDate "2018.02.05"]

1. e4 e5 2. Nf3 Nc6 3. Bc4 Bc5 4. c3 Nf6 5. d3 h6 6. b4 Bd6 7. h3 a5 8. b5 Ne7
9. a4 Ng6 10. Be3 O-O 11. Nbd2 Be7 12. Qb3 c6 13. d4 d5 14. Bd3 dxe4 15. Nxe4
Be6 16. Qc2 exd4 17. Nxd4 Ne5 18. Nxf6+ Bxf6 19. Nxe6 Qxd3 20. Qxd3 Nxd3+ 21.
Kd2 Rfc8 22. Kxd3 fxe6 23. bxc6 Rxc6 24. Bd2 Rd8+ 25. Kc2 Rxd2+ 26. Kxd2 Bxc3+
27. Kd3 Bxa1 28. Rxa1 Kf7 29. Rb1 b6 30. Rb2 Rc1 31. Re2 Kf6 32. g3 e5 33. h4
h5 34. Re4 Kf5 35. f3 Rg1 0-1

[Event "Madrid-ch 2017-2018 - Previa A"]
[Site "Madrid ESP"]
[Date "2018.02.19"]
[Round "7.8"]
[White "Narvaez Parra, Vicente"]
[Black "Jimenez Garcia, Rodrigo"]
[Result "0-1"]
[WhiteElo "1809"]
[BlackElo "1783"]
[PlyCount "104"]
[EventDate "2018.02.05"]
[EventType "swiss"]
[EventRounds "9"]
[EventCountry "ESP"]
[SourceTitle "Ajedrez en Madrid"]
[Source "lmi"]
[SourceDate "2018.02.05"]

1. d4 e6 2. c4 Nf6 3. Nf3 Bb4+ 4. Bd2 Be7 5. g3 d5 6. Nc3 O-O 7. Bg2 c6 8. c5
b6 9. b4 a5 10. a3 Ne4 11. O-O Nxd2 12. Qxd2 Nd7 13. e4 Ba6 14. Rfe1 Re8 15. e5
Qc7 16. Nd1 Reb8 17. Ne3 bxc5 18. bxc5 Rb3 19. Ng4 Rab8 20. Qf4 Qd8 21. h4 Bd3
22. Nd2 Rb2 23. Qe3 Bg6 24. Bf3 a4 25. Bd1 Bc2 26. Be2 Qa5 27. Nf3 R8b3 28. Qf4
Be4 29. Bd1 Bxf3 30. Bxf3 Qc3 31. Re3 Qd2 32. Rd1 Rb1 33. Nh6+ gxh6 34. Qg4+
Kh8 35. Rxb3 Rxd1+ 36. Bxd1 axb3 37. Bxb3 Qe1+ 38. Kg2 Qe4+ 39. Qxe4 dxe4 40.
Bc2 f5 41. Bb3 Nf8 42. Kf1 Kg7 43. Bc4 Kf7 44. a4 Bd8 45. Ba6 Ke7 46. Ke2 Kd7
47. Ke3 Ba5 48. f3 exf3 49. Kxf3 Ng6 50. h5 Ne7 51. Bd3 Bc3 52. g4 Bxd4 0-1

[Event "Madrid-ch 2017-2018 - Previa A"]
[Site "Madrid ESP"]
[Date "2018.02.19"]
[Round "7.9"]
[White "Hernandez Garcia, Carlos"]
[Black "Carrasco Coquillat, Alvaro"]
[Result "0-1"]
[WhiteElo "1769"]
[BlackElo "1801"]
[PlyCount "91"]
[EventDate "2018.02.05"]
[EventType "swiss"]
[EventRounds "9"]
[EventCountry "ESP"]
[SourceTitle "Ajedrez en Madrid"]
[Source "lmi"]
[SourceDate "2018.02.05"]

1. e4 d6 2. d4 g6 3. c4 Nf6 4. Nc3 Bg7 5. Nf3 O-O 6. Be2 e5 7. O-O Nc6 8. d5
Ne7 9. c5 Ne8 10. b4 f5 11. Ng5 h6 12. Ne6 Bxe6 13. dxe6 fxe4 14. Nxe4 d5 15.
Nc3 c6 16. Bd2 Nc7 17. Qc1 Kh7 18. Bg4 Nf5 19. Rb1 Nxe6 20. h4 Qxh4 21. Bxf5
Rxf5 22. Ne2 Nf4 23. Nxf4 exf4 24. Rb3 f3 25. Rxf3 Rxf3 26. gxf3 Rf8 27. Kg2
Qf6 28. Qa3 h5 29. Qd3 Bh6 30. Bxh6 Kxh6 31. Qe3+ g5 32. Re1 Kg6 33. Qd3+ Kg7
34. Re3 g4 35. f4 Qxf4 36. Qe2 Qf3+ 37. Kf1 Qxe2+ 38. Rxe2 Kf6 39. Kg2 Rd8 40.
Kg3 d4 41. Kf4 d3 42. Rd2 Rd4+ 43. Ke3 Ke5 44. f4+ gxf3 45. Kxf3 Kd5 46. a3 0-1

[Event "Madrid-ch 2017-2018 - Previa A"]
[Site "Madrid ESP"]
[Date "2018.02.19"]
[Round "7.10"]
[White "De Dompablo Fantova, Juan"]
[Black "Fernandez Garcia, Ignacio"]
[Result "0-1"]
[WhiteElo "1688"]
[BlackElo "1851"]
[PlyCount "44"]
[EventDate "2018.02.05"]
[EventType "swiss"]
[EventRounds "9"]
[EventCountry "ESP"]
[SourceTitle "Ajedrez en Madrid"]
[Source "lmi"]
[SourceDate "2018.02.05"]

1. e4 b6 2. d4 Bb7 3. Nc3 Nf6 4. Bd3 g6 5. Nf3 Bg7 6. O-O O-O 7. e5 Nd5 8. Nxd5
Bxd5 9. c4 Bb7 10. Bf4 d5 11. Be3 Na6 12. cxd5 Nb4 13. Bc4 Nxd5 14. Bg5 Qd7 15.
Qb3 h6 16. Bh4 Nf4 17. Rad1 Qg4 18. Bg3 Rad8 19. h3 Nxh3+ 20. gxh3 Qxf3 21.
Qxf3 Bxf3 22. e6 Bxd1 0-1

[Event "Madrid-ch 2017-2018 - Previa A"]
[Site "Madrid ESP"]
[Date "2018.02.19"]
[Round "7.11"]
[White "Rodriguez Bachiller, Luis"]
[Black "De Luna Butz, Alberto"]
[Result "1/2-1/2"]
[WhiteElo "1622"]
[BlackElo "1799"]
[PlyCount "106"]
[EventDate "2018.02.05"]
[EventType "swiss"]
[EventRounds "9"]
[EventCountry "ESP"]
[SourceTitle "Ajedrez en Madrid"]
[Source "lmi"]
[SourceDate "2018.02.05"]

1. e4 e6 2. d4 d5 3. Nc3 Nf6 4. e5 Nfd7 5. Nf3 Be7 6. Be2 c5 7. Be3 Nc6 8. O-O
a6 9. dxc5 Nxc5 10. a3 Qc7 11. Bxc5 Bxc5 12. Re1 Qb6 13. Rf1 Qc7 14. Re1 b5 15.
Bf1 Bb7 16. Qd2 Be7 17. Qf4 h6 18. Bd3 g5 19. Qe3 O-O-O 20. Nd4 Nxd4 21. Qxd4
Bc5 22. Qg4 Rdg8 23. Rac1 h5 24. Qe2 g4 25. Nd1 Rg5 26. a4 Bd4 27. axb5 axb5
28. Bxb5 Rxe5 29. Qf1 Rxe1 30. Qxe1 Qb6 31. c4 Kb8 32. b3 h4 33. Rc2 g3 34. Ne3
Bxe3 35. Qxe3 Qxe3 36. fxe3 dxc4 37. Rxc4 h3 38. gxh3 Rxh3 39. hxg3 Rxg3+ 40.
Kf2 Rg2+ 41. Ke1 Bd5 42. Rb4 Kc7 43. Bc4 Bf3 44. Bf1 Rb2 45. Rf4 Bh5 46. Bc4
Kd6 47. Rf2 Rb1+ 48. Kd2 Rb2+ 49. Ke1 Rb1+ 50. Kd2 Rd1+ 51. Kc3 Re1 52. Kd2
Rd1+ 53. Kc3 Ke5 1/2-1/2

[Event "Madrid-ch 2017-2018 - Previa A"]
[Site "Madrid ESP"]
[Date "2018.02.19"]
[Round "7.12"]
[White "Marivela Santos, Juan Carlos"]
[Black "Martin-Consuegra Barrilero, Francisco Javier"]
[Result "1/2-1/2"]
[WhiteElo "1686"]
[BlackElo "1785"]
[PlyCount "96"]
[EventDate "2018.02.05"]
[EventType "swiss"]
[EventRounds "9"]
[EventCountry "ESP"]
[SourceTitle "Ajedrez en Madrid"]
[Source "lmi"]
[SourceDate "2018.02.05"]

1. c4 d6 2. Nf3 e5 3. Nc3 Nf6 4. g3 c6 5. Bg2 Be7 6. O-O O-O 7. c5 Na6 8. cxd6
Bxd6 9. a3 Nc7 10. d4 exd4 11. Nxd4 Qe7 12. Qd3 h6 13. Nf5 Bxf5 14. Qxf5 Qe6
15. Qc2 Rfd8 16. Rd1 Be7 17. Rxd8+ Rxd8 18. Be3 a6 19. Bb6 Rd7 20. Rd1 Ncd5 21.
Nxd5 Nxd5 22. Bd4 Bf6 23. Bxf6 Nxf6 24. Rd2 Rxd2 25. Qxd2 Qd7 26. Qxd7 Nxd7 27.
Bh3 Nb6 28. b3 a5 29. Kf1 Kf8 30. Ke1 Ke7 31. Kd2 Kd6 32. Kd3 Nd5 33. e4 Ne7
34. f4 f6 35. b4 axb4 36. axb4 b6 37. Kd4 c5+ 38. bxc5+ bxc5+ 39. Kc4 Nc6 40.
Bg2 Nd4 41. e5+ fxe5 42. fxe5+ Kxe5 43. Kxc5 g5 44. Kc4 g4 45. Kd3 Ne6 46. Ke3
Ng7 47. Be4 Ne6 48. Bg2 Ng7 1/2-1/2